Every Song by Winger - Statistics

General Stats
  • This quiz has been taken 9 times
  • The average score is 15 of 91
Answer Stats
Album Song % Correct
Better Days Comin'(2014) Better Days Comin'
100%
Winger(1988) Hungry
100%
Winger(Bonus)(1988) Higher and Higher
67%
In the Heart of the Young(1990) In the Heart of the Young
67%
Pull(1993) Junkyard Dog (Tears on Stone)
67%
Better Days Comin'(2014) Midnight Driver of a Love Machine
67%
Better Days Comin'(2014) Rat Race
67%
Winger(1988) Seventeen
67%
In the Heart of the Young(1990) Baptized by Fire
33%
Pull(1993) Blind Revolution Mad
33%
IV(2006) Blue Suede Shoes
33%
In the Heart of the Young(1990) Can't Get Enuff
33%
Karma(2009) Come a Little Closer
33%
Karma(2009) Deal with the Devil
33%
Pull(1993) Down Incognito
33%
In the Heart of the Young(1990) Easy Come Easy Go
33%
Winger(1988) Hangin' On
33%
Winger(1988) Headed for a Heartbreak
33%
Pull(1993) In My Veins
33%
In the Heart of the Young(1990) In the Day We'll Never See
33%
Pull(1993) Like a Ritual
33%
In the Heart of the Young(1990) Little Dirty Blonde
33%
In the Heart of the Young(1990) Loosen Up
33%
Winger(1988) Madalaine
33%
In the Heart of the Young(1990) Miles Away
33%
Pull(1993) No Man's Land
33%
The Very Best of Winger(2001) On the Inside
33%
Winger(1988) Poison Angel
33%
In the Heart of the Young(1990) Rainbow in the Rose
33%
Winger(1988) State of Emergency
33%
Pull(1993) The Lucky One
33%
Winger(1988) Time to Surrender
33%
In the Heart of the Young(1990) Under One Condition
33%
In the Heart of the Young(1990) You Are the Saint, I Am the Sinner
33%
Karma(2009) After All This Time
0%
In the Heart of the Young(Bonus)(1990) All I Ever Wanted
0%
Karma(2009) Always Within Me
0%
Better Days Comin'(2014) Another Beautiful Day
0%
Better Days Comin'(2014) Be Who You Are Now
0%
Karma(2009) Big World Away
0%
Seven(2023) Broken Glass
0%
IV(2006) Can't Take It Back
0%
IV(2006) Disappear
0%
Demo Anthology(2007) Only Love
0%
Demo Anthology(2007) Skin Tight
0%
Seven(2023) Do or Die
0%
Better Days Comin'(2014) Ever Wonder
0%
Karma(2009) Feeding Frenzy
0%
Karma(Bonus)(2009) First Ending
0%
IV(2006) Four-Leaf Clover
0%
IV(2006) Generica
0%
Demo Anthology(2007) Give Me More
0%
Seven(2023) Heaven's Falling
0%
Pull(Bonus)(1993) Hell to Pay
0%
Demo Anthology(2007) Hour of Need
0%
Pull(1993) In for the Kill
0%
Seven(2023) It All Comes Back Around
0%
Seven(2023) It's Okay
0%
Demo Anthology(2007) Just Another Face
0%
IV(2006) Livin' Just to Die
0%
IV(2006) M16
0%
IV(2006) On a Day Like Today
0%
Seven(2023) One Light to Burn
0%
Better Days Comin'(2014) Out of This World
0%
Seven(2023) Proud Desperado
0%
Karma(2009) Pull Me Under
0%
Better Days Comin'(2014) Queen Babylon
0%
Winger Live(2007) Reb's Guitar Solo
0%
Seven(2023) Resurrect Me
0%
IV(2006) Right Up Ahead
0%
Winger Live(2007) Rod's Drum Solo
0%
IV(2006) Short Flight to Mexico
0%
Better Days Comin'(2014) So Long China
0%
Demo Anthology(2007) Someday Someway
0%
Pull(1993) Spell I'm Under
0%
Demo Anthology(2007) Star Tripper
0%
Seven(2023) Stick the Knife in and Twist
0%
Karma(2009) Stone Cold Killer
0%
Better Days Comin'(2014) Storm in Me
0%
Karma(2009) Supernova
0%
Seven(2023) Tears of Blood
0%
Seven(2023) Time Bomb
0%
Better Days Comin'(2014) Tin Soldier
0%
Demo Anthology(2007) Until There Was You
0%
Seven(2023) Voodoo Fire
0%
Pull(1993) Who's the One
0%
Winger(1988) Without the Night
0%
Demo Anthology(2007) Without Warning
0%
Karma(2009) Witness
0%
Demo Anthology(2007) Written in the Wind
0%
IV(2006) Your Great Escape
0%
No matching quizzes found
Score Distribution
Percent of People with Each Score
Percentile by Number Answered
Your Score History
You have not taken this quiz